000 00469nam a2200181Ia 4500
003 LK-CoDNM
008 010623t2005 xxu||||| |||| 00| 1 sin d
040 _aLK-CoDNM
_dLK-CoDNM
_eLK-CoDNM
041 _asin
080 _a133.52 WIL
100 _aHettige,Raveendra R.
245 _aනැකත් හදන හැටි
246 _aNekath Hadana Heti
260 _bGunasena
_aColombo
_c2005
300 _b104p., 21cm. cm
700 _aWiliam,R.M.
942 _cBK
999 _c124782
_d124782